[Event "Eurasia Cup op"]
[Site "Ekaterinburg"]
[Date "2019.08.03"]
[Round "4"]
[White "Makhrov, Alexander"]
[Black "Klochko, Elizaveta"]
[Result "1-0"]
[WhiteElo "1994"]
[BlackElo "1084"]
[PlyCount "71"]
[EventDate "2019.07.31"]
[EventType "swiss"]
[EventRounds "9"]
[EventCountry "RUS"]
[SourceTitle "CBM 191 Extra"]
[Source "ChessBase"]
[SourceDate "2019.09.30"]
[SourceVersion "1"]
[SourceVersionDate "2019.09.30"]
[SourceQuality "1"]

1. e4 e5 2. Nf3 d6 3. Nc3 Nf6 4. d4 Nbd7 5. Bc4 h6 6. 0-0 Be7 7. Re1 c6 8. a4 Qc7 9. Qe2 g5 10. dxe5 dxe5 11. Bb3 Nf8 12. Nd2 Ng6 13. g3 h5 14. Nf1 Nf4 15. gxf4 gxf4 16. Kh1 Rg8 17. Ng3 fxg3 18. fxg3 Bh3 19. Nd1 h4 20. Nf2 Qc8 21. Qf3 Bg4 22. Nxg4 Qxg4 23. Qxg4 Rxg4 24. gxh4 Rxh4 25. Bg5 Rh7 26. Rad1 Rd8 27. Rxd8+ Kxd8 28. Bc4 a6 29. Bd3 Kc7 30. Rf1 Ng8 31. Rf5 f6 32. Be3 a5 33. Rf3 Nh6 34. Rh3 Bf8 35. Bc4 Bg7 36. Kg2 1-0